Vainqueurs du Vendée Globe (Mort subite) - Statistiques

Statistiques générales
  • Ce quiz a été pris 122 fois
    70 depuis la dernière actualisation
  • Le résultat moyen est 6 sur 9
Answers on the Grid
Answers color-coded by a green-red scale on the quiz's grid according to % correct below.
Titouan Lamazou
Alain Gautier
Christophe Auguin
Michel Desjoyeaux
Vincent Riou
François Gabart
Armel Le Cléac'h
Yannick Bestaven
Florence Arthaud
Isabelle Autissier
Samantha Davies
Jean Le Cam
Olivier de Kersauson
Alex Thomson
Loïck Peyron
Mike Golding
Sébastien Josse
Ellen MacArthur
Jean-Luc Van Den Heede
Philippe Poupon
Charlie Dalin
 
Statistiques - réponses
Réponse % Correct
François Gabart
84%
Armel Le Cléac'h
82%
Michel Desjoyeaux
82%
Yannick Bestaven
80%
Charlie Dalin
76%
Titouan Lamazou
73%
Vincent Riou
71%
Alain Gautier
53%
Christophe Auguin
44%
Aucun quiz correspondant
Distribution des résultats
% des personnes avec chaque résultat
Percentile par nombre de réponses
Votre historique - résultats
Vous n’avez pas pris ce quiz depuis la dernière actualisation